000 00296nam a22001457a 4500
082 _a001
_bGUP/S
100 _aGUPTA, ARAVIND
245 _aSCIENCE FUN
250 _a1
260 _aNEW YORK
_bSCHOLASTIC
300 _a52
520 _aSCIENCE GK
650 _aSCIENCE GK
_zNEW YORK
942 _cBK
999 _c6103
_d6103